|
|
|
|
| LEADER |
00000nab a2200000uu 4500 |
| 001 |
vtls010902936 |
| 003 |
SK-MaSNL |
| 005 |
20260303142341.0 |
| 008 |
230222|2005 xo |||||||||||||||||slo| |
| 015 |
|
|
|a SNBRB
|
| 035 |
|
|
|a (urnnbn)urn:nbn:sk:snk:ar-a07pnm
|
| 035 |
|
|
|a (uuid)3fc81c6f-ca59-4271-a937-41fafe865d6a
|
| 035 |
|
|
|a urn:nbn:sk:snk-ab8u32
|
| 040 |
|
|
|a SNKBUCL
|b slo
|c SNKBUCL
|e AACR2
|
| 041 |
0 |
|
|a slo
|
| 044 |
|
|
|a xo
|c SK
|
| 100 |
1 |
|
|a Fudaly, Peter
|4 aut
|9 421565
|
| 245 |
1 |
0 |
|a DETI S PORUCHAMI EMOCIONALITY A SPRÁVANIA V ŠKOLSKOM SYSTÉME SR
|c Peter Fudaly
|
| 773 |
0 |
|
|t Prevencia : informačný bulletin zameraný na prevenciu sociálno-patologických javov v rezorte školstva
|g Roč. 4, č. 2 (2005), s. 61-62
|
| 954 |
|
|
|a odborná, vedecká literatúra pôvodná (slovenská)
|2 lita
|
| 958 |
|
|
|a OND
|
| 958 |
|
|
|a EUIPO
|
| 958 |
|
|
|a article10
|
| 999 |
|
|
|c 1982252
|d 1984182
|